Transporte pb︢lico y factor religioso

Detalles Bibliográficos
Autor principal: Meseguer Velasco, Silvia
Formato: eBook
Lenguaje:español
Publicado: Madrid: Dykinson, 2018
Materias:
Acceso en línea:Acceso restringido

MARC

LEADER 00000nam a22000007a 4500
005 2018102802592.0
007 cr|||| ||||
008 181029s2018 es |||||s|||| 00||0 spa d
020 |a 978-84-9148-562-9 
035 |a 21642 
040 |a vLex 
090 |c 8203  |d 8203 
100 1 |a Meseguer Velasco, Silvia 
245 1 0 |a Transporte pb︢lico y factor religioso  |h [Recurso electrn̤ico] /  |c Silvia Meseguer Velasco 
256 |a Servicio en ln̕ea 
260 |a Madrid:  |b Dykinson,  |c 2018 
300 |a 1 recurso electrn̤ico 
506 1 |a Disponible solo en los productos indicados  |d vLex Global  |d vLex Global (Academic Edition, excluding Law Schools)  |d vLex Global (U.S. Academic Edition, Law Schools)  |d vLex Global (U.S. Academic Edition, excluding Law Schools)  |d vLex Global (Academic Edition, Law Schools) 
650 0 4 |a Derecho Pb︢lico y Administrativo  |z Espaą 
740 0 |a vLex Libros (Servicio en ln̕ea) 
856 4 0 |u http://vlex.com/source/transporte-publico-factor-religioso-21642  |z Acceso restringido 
942 |c BOOK 
999 0 |a Public and Administrative Law